| 000 | 01182nam a2200265 i 4500 | ||
|---|---|---|---|
| 001 | 142293 | ||
| 003 | ES-MaACL | ||
| 005 | 20250902085401.0 | ||
| 007 | t| | ||
| 008 | 071004s1973 sp ||||1| spa d | ||
| 100 | 1 |
_aVillarreal de Berriz, Pedro Bernardo, _d1670-1740 _9115137 |
|
| 245 | 1 | 0 |
_aMáquinas hydarulicas de molinos y herrerías, y govierno de los árboles y montes de Vizcaya / _cpor Pedro Bernardo Villa-Real de Berriz ; [prólogo de José A. García Diego]. |
| 250 | _aEd. facs. | ||
| 260 |
_aSan Sebastián : _bSociedad Gupuzcoana de Ediciones y Publicaciones [Real Sociedad Vascongada de los Amigos del País], _c1973. |
||
| 300 |
_aXXIV p., 16 h., 168 p. : _bil. pleg. ; _c16 cm. |
||
| 534 |
_pReproducción facsimil de la edición de: _c-- Madrid : Antonio Marín, 1736. |
||
| 650 | 1 | 4 |
_aIndustria forestal- _zVizcaya- _vHistoria. _913728 |
| 650 |
_aMáquinas hidráulicas- _vObras anteriores a 1800. _914770 |
||
| 655 | 7 |
_2tgfbne _9226495 _aFacsímiles |
|
| 700 | 1 |
_aGarcía-Diego, José A. _954541 |
|
| 710 | 2 |
_aReal Sociedad Bascongada de los Amigos del País _96366 |
|
| 852 |
_aES-MaACL _jL-12644 |
||
| 942 | _2udc | ||
| 999 |
_c142293 _d142293 |
||